[Event "New York Marshall GM-B 07"]
[Site "New York"]
[Date "2025.07.13"]
[Round "9"]
[White "Gauri, Shankar"]
[Black "Plat, Vojtech"]
[Result "1/2-1/2"]
[WhiteElo "2371"]
[BlackElo "2487"]
[PlyCount "30"]
[EventDate "2025.07.09"]
[EventType "tourn"]
[EventRounds "9"]
[EventCountry "USA"]
[EventCategory "6"]
[SourceTitle "CB29_2025"]
[SourceDate "2025.07.16"]
[SourceVersion "1"]
[SourceVersionDate "2025.07.16"]
[SourceQuality "1"]

1. e4 e5 2. Nf3 Nc6 3. Bb5 Nf6 4. 0-0 Nxe4 5. d4 Nd6 6. dxe5 Nxb5 7. a4 Nbd4 8. Nxd4 d5 9. exd6 Nxd4 10. Qxd4 Qxd6 11. Qe4+ Qe6 12. Qd4 Qd6 13. Qe4+ Qe6 14. Qd4 Qd6 15. Qe4+ Qe6 1/2-1/2

[Event "New York Marshall GM-B 07"]
[Site "New York"]
[Date "2025.07.12"]
[Round "7"]
[White "Plat, Vojtech"]
[Black "Lin, Bryan Enming"]
[Result "1-0"]
[WhiteElo "2487"]
[BlackElo "2302"]
[PlyCount "87"]
[EventDate "2025.07.09"]
[EventType "tourn"]
[EventRounds "9"]
[EventCountry "USA"]
[EventCategory "6"]
[SourceTitle "CB29_2025"]
[SourceDate "2025.07.16"]
[SourceVersion "1"]
[SourceVersionDate "2025.07.16"]
[SourceQuality "1"]

1. d4 Nf6 2. Bg5 e6 3. Nd2 c5 4. e3 cxd4 5. exd4 Be7 6. Ngf3 b6 7. Bd3 Bb7 8. 0-0 0-0 9. a4 a6 10. c3 d6 11. Re1 Nbd7 12. Nc4 Qc7 13. Ne3 Rfe8 14. Bh4 Nd5 15. Nxd5 Bxd5 16. Bg3 Qb7 17. c4 Bc6 18. d5 exd5 19. Nd4 Nf6 20. Nxc6 Qxc6 21. Qf3 Bf8 22. Rxe8 Rxe8 23. cxd5 Qb7 24. h3 Nd7 25. b4 g6 26. Bf1 a5 27. bxa5 bxa5 28. Bb5 Ne5 29. Qe2 Rd8 30. Rd1 Qc7 31. Bf4 Nd7 32. Rc1 Nc5 33. Bc6 Qb6 34. Qb5 Qa7 35. Rb1 Bg7 36. Be3 Bc3 37. Qc4 Bf6 38. Rb7 Qa6 39. Qf4 Qxb7 40. Qxf6 Qb1+ 41. Kh2 Rb8 42. Bd4 Kf8 43. Qh8+ Ke7 44. Bf6# 1-0

[Event "Dulles Atlantic op 3rd"]
[Site "Dulles"]
[Date "2025.07.06"]
[Round "9"]
[White "Su, Kevin"]
[Black "Plat, Vojtech"]
[Result "0-1"]
[WhiteElo "1991"]
[BlackElo "2487"]
[PlyCount "76"]
[EventDate "2025.07.02"]
[EventType "swiss"]
[EventRounds "9"]
[EventCountry "USA"]
[SourceTitle "CB28_2025"]
[SourceDate "2025.07.09"]
[SourceVersion "1"]
[SourceVersionDate "2025.07.09"]
[SourceQuality "1"]

1. d4 d6 2. e4 Nf6 3. Nc3 e5 4. Nf3 exd4 5. Nxd4 Be7 6. Bc4 0-0 7. 0-0 Re8 8. Re1 Bf8 9. a4 a5 10. b3 Nbd7 11. h3 c6 12. Bb2 Ne5 13. Bf1 Qb6 14. Kh2 Ng6 15. Qd2 Qc5 16. g3 Ne5 17. Kh1 Ng6 18. f4 h5 19. Ba3 Qb6 20. Rad1 Bd7 21. Bg2 Rad8 22. Kh2 Bc8 23. Re2 Qc7 24. Rf1 Qd7 25. Re3 b6 26. Nxc6 Qxc6 27. e5 dxe5 28. Qxd8 Rxd8 29. Bxc6 exf4 30. gxf4 Bxa3 31. Nb5 Rd2+ 32. Kh1 Bc5 33. Rd3 Rxd3 34. cxd3 Bxh3 35. Rd1 Nxf4 36. d4 Bb4 37. Nc7 Ng4 38. Rc1 Ne2 0-1

[Event "Dulles Atlantic op 3rd"]
[Site "Dulles"]
[Date "2025.07.05"]
[Round "6"]
[White "Plat, Vojtech"]
[Black "Vaibhav, Kalpaka"]
[Result "0-1"]
[WhiteElo "2487"]
[BlackElo "2265"]
[PlyCount "112"]
[EventDate "2025.07.02"]
[EventType "swiss"]
[EventRounds "9"]
[EventCountry "USA"]
[SourceTitle "CB28_2025"]
[SourceDate "2025.07.09"]
[SourceVersion "1"]
[SourceVersionDate "2025.07.09"]
[SourceQuality "1"]

1. d4 Nf6 2. Bg5 e6 3. e4 h6 4. Bxf6 Qxf6 5. Nf3 g5 6. e5 Qe7 7. Nc3 Bg7 8. h4 Nc6 9. hxg5 hxg5 10. Rxh8+ Bxh8 11. Qd3 g4 12. Nd2 d5 13. exd6 cxd6 14. 0-0-0 Bxd4 15. Nb5 Be5 16. Nc4 Bf4+ 17. Kb1 d5 18. g3 dxc4 19. Qh7 Be5 20. Bg2 Qg5 21. Qh1 Bd7 22. Nc7+ Bxc7 23. Qh8+ Ke7 24. Qxa8 Qb5 25. Qg8 c3 26. b3 Qf5 27. a3 Be5 28. Bf1 Qf3 29. Qg5+ Qf6 30. Qxg4 Qxf2 31. Bd3 Qxg3 32. Qh5 Qh2 33. Qg5+ Bf6 34. Qg8 Qh5 35. Rf1 Qa5 36. a4 Qc5 37. Bg6 fxg6 38. Qxg6 Be5 39. Qg8 Kd6 40. Qf8+ Ne7 41. Rf7 Kc7 42. Qxe7 Qxe7 43. Rxe7 Bd4 44. Kc1 Kd6 45. Rh7 e5 46. Rh6+ Kd5 47. Rh7 Be3+ 48. Kb1 Bc6 49. b4 a6 50. b5 axb5 51. axb5 Bxb5 52. Rxb7 Bc6 53. Re7 Bd2 54. Ka2 Ba4 55. Kb1 e4 56. Ra7 Bb5 0-1

[Event "Dulles Atlantic op 3rd"]
[Site "Dulles"]
[Date "2025.07.03"]
[Round "3"]
[White "Adury, Anant"]
[Black "Plat, Vojtech"]
[Result "0-1"]
[WhiteElo "2215"]
[BlackElo "2487"]
[PlyCount "82"]
[EventDate "2025.07.02"]
[EventType "swiss"]
[EventRounds "9"]
[EventCountry "USA"]
[SourceTitle "CB28_2025"]
[SourceDate "2025.07.09"]
[SourceVersion "1"]
[SourceVersionDate "2025.07.09"]
[SourceQuality "1"]

1. e4 c5 2. Nf3 g6 3. d4 cxd4 4. Nxd4 Bg7 5. c4 Nc6 6. Be3 Nf6 7. Nc3 Ng4 8. Qxg4 Nxd4 9. Qd1 e5 10. Bd3 0-0 11. 0-0 a5 12. Nd5 d6 13. Qd2 Be6 14. Bxd4 exd4 15. Rac1 Kh8 16. f4 Re8 17. f5 Bxd5 18. cxd5 Bf6 19. Qf2 Kg7 20. g3 g5 21. Rc4 Rc8 22. Qc2 Rxc4 23. Qxc4 g4 24. Kg2 h5 25. Qc2 Rh8 26. Qf2 Be5 27. h4 gxh3+ 28. Kxh3 Kf6 29. Qf3 Qg8 30. Rg1 Qg5 31. Rg2 Rg8 32. Be2 Qc1 33. Qf1 Qxb2 34. Bxh5 Qc3 35. Qf2 Qc1 36. Rg1 Qg5 37. g4 Rc8 38. Rb1 Rc3+ 39. Kg2 Rg3+ 40. Kf1 Rh3 41. Rxb7 Qc1+ 0-1

[Event "Dulles Atlantic IM"]
[Site "Dulles"]
[Date "2025.06.29"]
[Round "6"]
[White "Diao, Matthew Guo"]
[Black "Plat, Vojtech"]
[Result "1/2-1/2"]
[WhiteElo "2244"]
[BlackElo "2497"]
[PlyCount "26"]
[EventDate "2025.06.27"]
[EventType "tourn"]
[EventRounds "9"]
[EventCountry "USA"]
[SourceTitle "CB28_2025"]
[SourceDate "2025.07.09"]
[SourceVersion "1"]
[SourceVersionDate "2025.07.09"]
[SourceQuality "1"]

1. d4 Nf6 2. c4 g6 3. Nc3 d5 4. Nf3 Bg7 5. h4 0-0 6. cxd5 Nxd5 7. h5 c5 8. hxg6 hxg6 9. Bh6 Nxc3 10. bxc3 Bxh6 11. Rxh6 cxd4 12. Qd2 Kg7 13. cxd4 Nd7 1/2-1/2

[Event "Dulles Atlantic IM"]
[Site "Dulles"]
[Date "2025.06.28"]
[Round "4"]
[White "Baron, Tal"]
[Black "Plat, Vojtech"]
[Result "1/2-1/2"]
[WhiteElo "2438"]
[BlackElo "2497"]
[PlyCount "35"]
[EventDate "2025.06.27"]
[EventType "tourn"]
[EventRounds "9"]
[EventCountry "USA"]
[SourceTitle "CB28_2025"]
[SourceDate "2025.07.09"]
[SourceVersion "1"]
[SourceVersionDate "2025.07.09"]
[SourceQuality "1"]

1. e4 c5 2. Nf3 g6 3. d4 cxd4 4. Nxd4 Bg7 5. c4 Nc6 6. Be3 Nf6 7. Nc3 Ng4 8. Qxg4 Nxd4 9. Qd1 e5 10. a4 0-0 11. Nb5 a6 12. Nc3 d6 13. Bd3 Be6 14. 0-0 Qb6 15. Rb1 Qb4 16. Nd5 Bxd5 17. cxd5 Rac8 18. Bd2 1/2-1/2

[Event "Dulles Atlantic IM"]
[Site "Dulles"]
[Date "2025.06.28"]
[Round "3"]
[White "Vaibhav, Kalpaka"]
[Black "Plat, Vojtech"]
[Result "0-1"]
[WhiteElo "2258"]
[BlackElo "2497"]
[PlyCount "90"]
[EventDate "2025.06.27"]
[EventType "tourn"]
[EventRounds "9"]
[EventCountry "USA"]
[SourceTitle "CB28_2025"]
[SourceDate "2025.07.09"]
[SourceVersion "1"]
[SourceVersionDate "2025.07.09"]
[SourceQuality "1"]

1. e4 g6 2. d4 Bg7 3. Nc3 d5 4. exd5 Nf6 5. Bb5+ Nbd7 6. Nf3 0-0 7. 0-0 Nb6 8. Re1 Nbxd5 9. Nxd5 Qxd5 10. c4 Qd6 11. c5 Qd8 12. Bf4 c6 13. Bc4 Bg4 14. Be5 Ne8 15. Re4 Bxe5 16. dxe5 Qxd1+ 17. Rxd1 Bf5 18. Red4 Nc7 19. g4 Be6 20. Bxe6 Nxe6 21. Rd7 Rfd8 22. Rxd8+ Nxd8 23. Ng5 h6 24. Ne4 b6 25. Rd7 Kf8 26. Rc7 Ke8 27. b4 bxc5 28. bxc5 a5 29. a3 g5 30. Kg2 Rb8 31. Ra7 Ne6 32. Rxa5 Nf4+ 33. Kg3 Rb3+ 34. f3 Rb2 35. Nf2 Kd7 36. Ra6 Ra2 37. h4 Ne2+ 38. Kh3 Nd4 39. Ne4 gxh4 40. Kxh4 Nxf3+ 41. Kg3 Nxe5 42. Kf4 Ke6 43. Ra8 f6 44. Nc3 Rg2 45. Rg8 Kf7 0-1

[Event "Dulles Atlantic IM"]
[Site "Dulles"]
[Date "2025.06.27"]
[Round "2"]
[White "Plat, Vojtech"]
[Black "Slate, Kent"]
[Result "1/2-1/2"]
[WhiteElo "2497"]
[BlackElo "2082"]
[PlyCount "131"]
[EventDate "2025.06.27"]
[EventType "tourn"]
[EventRounds "9"]
[EventCountry "USA"]
[SourceTitle "CB28_2025"]
[SourceDate "2025.07.09"]
[SourceVersion "1"]
[SourceVersionDate "2025.07.09"]
[SourceQuality "1"]

1. e4 c5 2. Nf3 Nc6 3. c3 d5 4. exd5 Qxd5 5. d4 Bf5 6. Na3 cxd4 7. Bc4 Qe4+ 8. Kf1 e6 9. Nb5 Rc8 10. cxd4 Nxd4 11. Nc3 Qc2 12. Nxd4 Qxd1+ 13. Nxd1 Rxc4 14. Nxf5 exf5 15. Ne3 Rc8 16. Nxf5 g6 17. Nd4 Bc5 18. Nb3 Bb6 19. Bd2 f6 20. Bc3 Kf7 21. a4 Ne7 22. a5 Bc7 23. Nc5 b6 24. axb6 Bxb6 25. Ne4 Rc6 26. Rd1 Rd8 27. Rxd8 Bxd8 28. Ke2 Nd5 29. Rd1 Ke6 30. Bd2 Rc2 31. Rb1 Nf4+ 32. Kd1 Rc4 33. Bxf4 Rxe4 34. Bd2 Bb6 35. f3 Rh4 36. h3 Kd5 37. Ke2 Ra4 38. Bc3 Ke6 39. Kd3 Bf2 40. b4 Ra2 41. Kc4 Bb6 42. Bb2 Bc7 43. Kb3 Ra6 44. Re1+ Kd7 45. Bd4 Bb8 46. b5 Ra5 47. Kc4 Ra4+ 48. Kd5 Bd6 49. Rb1 Ra5 50. Bc3 Ra3 51. Bxf6 a6 52. bxa6 Ra5+ 53. Ke4 Rxa6 54. Rb7+ Ke6 55. Bd4 Be7 56. f4 h5 57. g4 hxg4 58. hxg4 Ra5 59. Rb8 Ra4 60. Rb6+ Kf7 61. Rc6 Ra2 62. Rc7 Kf8 63. Be5 Ra4+ 64. Kd5 Ra5+ 65. Ke6 Ra6+ 66. Kd7 1/2-1/2

[Event "Houston Juneteenth op"]
[Site "Houston"]
[Date "2025.06.22"]
[Round "6"]
[White "Plat, Vojtech"]
[Black "Rahul, Mynala"]
[Result "1-0"]
[WhiteElo "2497"]
[BlackElo "2068"]
[PlyCount "79"]
[EventDate "2025.06.20"]
[EventType "swiss"]
[EventRounds "7"]
[EventCountry "USA"]
[SourceTitle "CB26_2025"]
[SourceDate "2025.06.25"]
[SourceVersion "1"]
[SourceVersionDate "2025.06.25"]
[SourceQuality "1"]

1. e4 c5 2. Nf3 e6 3. g3 d5 4. exd5 exd5 5. d4 Nf6 6. Bg2 Bg4 7. 0-0 c4 8. b3 cxb3 9. axb3 Nc6 10. Qd3 Bxf3 11. Bxf3 Be7 12. c3 0-0 13. b4 a6 14. Bf4 Qd7 15. Nd2 Rac8 16. Nb3 Rfe8 17. Rfe1 Nd8 18. Nc5 Qc6 19. c4 Ne6 20. Be5 Nxc5 21. dxc5 dxc4 22. Bxc6 cxd3 23. Bxe8 Nxe8 24. Rad1 Rd8 25. Re3 d2 26. Re2 f6 27. Bd6 Bxd6 28. cxd6 Kf8 29. Rexd2 Rd7 30. Kg2 Kf7 31. f4 Ke6 32. f5+ Kxf5 33. Re2 Rd8 34. d7 Nc7 35. Rc2 Ne6 36. Rc8 b6 37. Rxd8 Nxd8 38. Re1 Nc6 39. Rc1 Nd8 40. Rc8 1-0

[Event "Houston Juneteenth op"]
[Site "Houston"]
[Date "2025.06.21"]
[Round "5"]
[White "Ruiz Castillo, Joshua Daniel"]
[Black "Plat, Vojtech"]
[Result "1-0"]
[WhiteElo "2465"]
[BlackElo "2497"]
[PlyCount "113"]
[EventDate "2025.06.20"]
[EventType "swiss"]
[EventRounds "7"]
[EventCountry "USA"]
[SourceTitle "CB26_2025"]
[SourceDate "2025.06.25"]
[SourceVersion "1"]
[SourceVersionDate "2025.06.25"]
[SourceQuality "1"]

1. e4 d6 2. d4 Nf6 3. Nc3 e5 4. Nf3 Nbd7 5. Bc4 Be7 6. 0-0 0-0 7. Re1 c6 8. a4 a5 9. h3 exd4 10. Nxd4 Nc5 11. Bf4 Be6 12. Bf1 Qb6 13. Qf3 Rfe8 14. Rad1 Bf8 15. Bg5 Be7 16. b3 Qb4 17. Na2 Qb6 18. Nxe6 Nxe6 19. Be3 Qc7 20. Nc3 Bf8 21. Bc4 Qe7 22. Bc1 h6 23. Qg3 Nh5 24. Qf3 Nf6 25. Ba3 Ng5 26. Qg3 Nh5 27. Qe3 Qf6 28. h4 Nh7 29. g3 d5 30. Bxf8 dxc4 31. Bd6 cxb3 32. cxb3 Qg6 33. e5 f5 34. Qf3 Qf7 35. e6 Qg6 36. e7 N7f6 37. Re6 Qg4 38. Qxg4 fxg4 39. Ba3 Kf7 40. Re3 Rac8 41. Bc5 Rc7 42. Rd4 b6 43. Bxb6 Rb7 44. Bxa5 c5 45. Rc4 Rexe7 46. Rxe7+ Kxe7 47. Nb5 Rd7 48. Rxc5 Rd1+ 49. Kg2 Rb1 50. Nd4 g6 51. Bd2 Kd6 52. Bb4 Kd7 53. Re5 Rd1 54. Bc5 Kc8 55. b4 Ng7 56. a5 Nd7 57. Re7 1-0

[Event "Austin Spring GM"]
[Site "Austin"]
[Date "2025.06.12"]
[Round "2.4"]
[White "Plat, Vojtech"]
[Black "Amburgy, Ryan"]
[Result "1-0"]
[WhiteElo "2497"]
[BlackElo "2332"]
[PlyCount "71"]
[EventDate "2025.06.11"]
[EventType "tourn"]
[EventRounds "9"]
[EventCountry "USA"]
[EventCategory "6"]
[SourceTitle "CB25_2025"]
[SourceDate "2025.06.18"]
[SourceVersion "1"]
[SourceVersionDate "2025.06.18"]
[SourceQuality "1"]

1. e4 e5 2. Nf3 Nc6 3. d4 exd4 4. Nxd4 Nf6 5. Nxc6 bxc6 6. e5 Qe7 7. Qe2 Nd5 8. c4 Nb6 9. Nc3 a5 10. Qe4 g6 11. Bd3 Bg7 12. 0-0 0-0 13. Bf4 Ba6 14. Rac1 Qb4 15. b3 a4 16. Qf3 axb3 17. axb3 d5 18. exd6 Bxc3 19. dxc7 Bd2 20. Bxd2 Qxd2 21. Rfd1 Qb4 22. Qxc6 Rac8 23. Bf1 Rfe8 24. Qd6 Qxd6 25. Rxd6 Re6 26. Rxe6 fxe6 27. c5 Rxc7 28. Bxa6 Nd5 29. g3 Kf7 30. Bf1 Ke7 31. Bh3 Rb7 32. c6 Rc7 33. Bg2 Kd6 34. Bxd5 exd5 35. Kf1 h5 36. h4 1-0

[Event "Marshall GM-A"]
[Site "New York"]
[Date "2025.05.25"]
[Round "6"]
[White "George Micheal, Kevin"]
[Black "Plat, Vojtech"]
[Result "1/2-1/2"]
[WhiteElo "2301"]
[BlackElo "2482"]
[PlyCount "194"]
[EventDate "2025.05.22"]
[EventType "tourn"]
[EventRounds "9"]
[EventCountry "USA"]
[EventCategory "6"]
[SourceTitle "CB22_2025"]
[SourceDate "2025.05.28"]
[SourceVersion "1"]
[SourceVersionDate "2025.05.28"]
[SourceQuality "1"]

1. e4 d6 2. d4 Nf6 3. Nc3 e5 4. Nf3 Nbd7 5. Bc4 Be7 6. 0-0 0-0 7. Re1 c6 8. a4 a5 9. h3 exd4 10. Nxd4 Nc5 11. Bf4 Be6 12. Bf1 Qb6 13. b3 Rad8 14. Bg5 Rfe8 15. Be3 Qc7 16. Bf4 Nfd7 17. Qf3 Ne5 18. Qe3 Bc8 19. Rad1 Bf6 20. Bg3 Qe7 21. f4 Ng6 22. Qf3 Qf8 23. Bf2 Ne6 24. Nxe6 fxe6 25. Bb6 Nxf4 26. Bxd8 Rxd8 27. Ne2 Ng6 28. Nd4 Qe7 29. Qe3 Ne5 30. Be2 Bd7 31. Rf1 Be8 32. Qc3 Ra8 33. Bc4 Bf7 34. Qd2 Nxc4 35. bxc4 Bg6 36. Rfe1 Bg5 37. Qd3 Rf8 38. Rf1 Bf6 39. Qe3 Re8 40. Nf3 e5 41. Rfe1 Bf7 42. Qd2 Rd8 43. c5 d5 44. Qxa5 Rf8 45. Nd2 Bg5 46. exd5 cxd5 47. Nf3 Bf4 48. Qc3 e4 49. Nd4 Qg5 50. Rf1 Be5 51. Qe1 Re8 52. Qf2 Bf6 53. Qf4 Qg6 54. Qg4 e3 55. Qxg6 Bxg6 56. Rfe1 Ra8 57. Rxe3 Rxa4 58. Nf3 Be4 59. Rb1 Be7 60. Kh2 Bxc5 61. Rc3 b6 62. Nd2 Bg6 63. Nb3 Bd6+ 64. Kg1 Rc4 65. Rxc4 dxc4 66. Nd2 Bc5+ 67. Kh1 c3 68. Nc4 h6 69. Nxb6 Bxc2 70. Rc1 Bxb6 71. Rxc2 Bd4 72. g4 Kf7 73. Re2 Bf6 74. Re4 Kg6 75. Kg2 h5 76. Kf3 hxg4+ 77. Kxg4 Bg5 78. Re6+ Kf7 79. Rc6 Bd2 80. Kf5 g6+ 81. Ke5 g5 82. Kf5 Ke7 83. Ke5 Kf7 84. Kd5 Ke7 85. Rc7+ Kf6 86. Ke4 Ke6 87. Rc6+ Kd7 88. Kd5 Ke7 89. Rc7+ Kf6 90. Rc8 Kf5 91. Rc4 Be1 92. Kd6 Bd2 93. Kd5 Be1 94. Kd4 g4 95. hxg4+ Kxg4 96. Ke3+ Kf5 97. Kd3 Bd2 1/2-1/2

[Event "Marshall GM-A"]
[Site "New York"]
[Date "2025.05.23"]
[Round "3"]
[White "Putnam, Liam H"]
[Black "Plat, Vojtech"]
[Result "1-0"]
[WhiteElo "2443"]
[BlackElo "2482"]
[PlyCount "115"]
[EventDate "2025.05.22"]
[EventType "tourn"]
[EventRounds "9"]
[EventCountry "USA"]
[EventCategory "6"]
[SourceTitle "CB22_2025"]
[SourceDate "2025.05.28"]
[SourceVersion "1"]
[SourceVersionDate "2025.05.28"]
[SourceQuality "1"]

1. e4 c5 2. Nf3 Nc6 3. Bb5 g6 4. Bxc6 dxc6 5. d3 Bg7 6. h3 Nf6 7. Nc3 0-0 8. Be3 Qa5 9. 0-0 Rd8 10. Nd2 b6 11. f4 Qa6 12. Qf3 Qb7 13. a4 Ne8 14. g4 Qd7 15. f5 Nd6 16. Qg3 f6 17. e5 fxe5 18. fxg6 Qe6 19. gxh7+ Kh8 20. Nf3 Bd7 21. Rae1 Rf8 22. Bd2 b5 23. Ne4 Nxe4 24. Rxe4 c4 25. dxc4 bxc4 26. Bc3 c5 27. Rxe5 Qd6 28. Qe1 Rae8 29. Ng5 Bf6 30. Qe3 Bc6 31. Ref5 e5 32. Rxf6 Rxf6 33. Rxf6 Qxf6 34. Bxe5 Rxe5 35. Qxe5 Qxe5 36. Nf7+ Kxh7 37. Nxe5 c3 38. bxc3 Bxa4 39. Kf2 Bxc2 40. Nc6 a6 41. Ke3 Kg7 42. h4 Kf6 43. Kf4 Ke6 44. h5 Kd5 45. Ne7+ Ke6 46. Nf5 Kf7 47. g5 a5 48. Ke5 Bxf5 49. Kxf5 a4 50. g6+ Ke7 51. h6 a3 52. h7 a2 53. h8Q a1Q 54. Qf6+ Kd7 55. Qe6+ Kc7 56. g7 Qf1+ 57. Kg6 Qd3+ 58. Kf7 1-0

[Event "Titled Tuesday intern op 20th May Late"]
[Site "Chess.com INT"]
[Date "2025.05.20"]
[Round "4"]
[White "Bluebaum, Matthias"]
[Black "Plat, Vojtech"]
[Result "1/2-1/2"]
[WhiteElo "2660"]
[BlackElo "2482"]
[PlyCount "150"]
[EventDate "2025.05.20"]
[EventType "swiss (blitz)"]
[EventRounds "11"]
[EventCountry "USA"]
[SourceTitle "CB22_2025"]
[SourceDate "2025.05.28"]
[SourceVersion "1"]
[SourceVersionDate "2025.05.28"]
[SourceQuality "1"]

1. d4 d6 2. Nf3 Bg4 3. e4 Nd7 4. h3 Bh5 5. Nc3 e5 6. dxe5 Nxe5 7. Be2 Nf6 8. Nxe5 Bxe2 9. Qxe2 dxe5 10. Qb5+ c6 11. Qxb7 Rc8 12. Qxa7 Bb4 13. Qe3 Qd4 14. f3 Qc4 15. Bd2 0-0 16. Qe2 Qd4 17. 0-0-0 Qa7 18. Qc4 Rb8 19. Nb1 Bc5 20. Bc3 Be3+ 21. Nd2 Nd7 22. Qe2 Nc5 23. b3 Bd4 24. Bxd4 exd4 25. Nb1 Qxa2 26. Qc4 Rxb3 27. Qxc5 Rxb1+ 28. Kd2 Rb2 29. Ra1 Qb3 30. Ra3 Rxc2+ 31. Qxc2 Qxa3 32. Qd3 Qb2+ 33. Qc2 Qb4+ 34. Ke2 c5 35. Rb1 Qa3 36. Kf1 d3 37. Qd2 c4 38. Rc1 Qc5 39. Qxd3 Rc8 40. Qd5 Qb4 41. Kg1 c3 42. Kh2 Qb8+ 43. e5 Qc7 44. f4 c2 45. Qe4 Qc3 46. h4 h6 47. e6 fxe6 48. Qxe6+ Kh8 49. Qe4 Qc7 50. h5 Qc5 51. Qg6 Qc7 52. Qf5 Qc6 53. Kh3 Qc3+ 54. g3 Qc5 55. Kg4 Qxf5+ 56. Kxf5 Kg8 57. Ke4 Kf7 58. Kd3 Kf6 59. g4 Rd8+ 60. Kxc2 Rd4 61. Rf1 Ke6 62. Kc3 Ra4 63. Kd3 Kd5 64. Ke3 Ra3+ 65. Kf2 Ke4 66. Kg2 Ra2+ 67. Kg3 Ra3+ 68. Kh4 Rf3 69. Rxf3 Kxf3 70. f5 Kf4 71. Kh3 Ke5 72. Kg3 Ke4 73. Kh3 Ke5 74. Kg2 Kf4 75. Kh3 Ke5 1/2-1/2

[Event "Titled Tuesday intern op 20th May Late"]
[Site "Chess.com INT"]
[Date "2025.05.20"]
[Round "5"]
[White "Plat, Vojtech"]
[Black "Klukin, Kirill"]
[Result "0-1"]
[WhiteElo "2482"]
[BlackElo "2407"]
[PlyCount "62"]
[EventDate "2025.05.20"]
[EventType "swiss (blitz)"]
[EventRounds "11"]
[EventCountry "USA"]
[SourceTitle "CB22_2025"]
[SourceDate "2025.05.28"]
[SourceVersion "1"]
[SourceVersionDate "2025.05.28"]
[SourceQuality "1"]

1. e4 e6 2. d4 d5 3. Nd2 c5 4. exd5 Qxd5 5. Ngf3 Nf6 6. Bc4 Qd8 7. 0-0 cxd4 8. Nb3 Nc6 9. Nbxd4 Nxd4 10. Nxd4 Be7 11. c3 0-0 12. Qe2 Qc7 13. Bd3 Bd7 14. Bg5 Rfd8 15. Rad1 Be8 16. Rfe1 Rd5 17. Bh4 Rad8 18. Bg3 Bd6 19. Bc4 Bxg3 20. hxg3 R5d6 21. Bb5 a6 22. Bxe8 Rxe8 23. Rd2 Red8 24. Red1 h6 25. Nf3 b5 26. Qe5 Rxd2 27. Rxd2 Rxd2 28. Qxc7 Rd1+ 29. Kh2 Ng4+ 30. Kh3 f5 31. Qd8+ Rxd8 0-1

[Event "Titled Tuesday intern op 20th May Late"]
[Site "Chess.com INT"]
[Date "2025.05.20"]
[Round "1"]
[White "Van Tellingen, Frank"]
[Black "Plat, Vojtech"]
[Result "0-1"]
[WhiteElo "2265"]
[BlackElo "2482"]
[PlyCount "46"]
[EventDate "2025.05.20"]
[EventType "swiss (blitz)"]
[EventRounds "11"]
[EventCountry "USA"]
[SourceTitle "CB22_2025"]
[SourceDate "2025.05.28"]
[SourceVersion "1"]
[SourceVersionDate "2025.05.28"]
[SourceQuality "1"]

1. e4 d6 2. d4 Nf6 3. Nc3 e5 4. Nf3 exd4 5. Nxd4 Be7 6. Bf4 0-0 7. Qd2 Nc6 8. 0-0-0 Nxd4 9. Qxd4 Be6 10. f3 a6 11. g4 b5 12. g5 Nh5 13. Be3 Bxg5 14. Rg1 Bxe3+ 15. Qxe3 Qf6 16. Ne2 Rfe8 17. Kb1 g6 18. f4 Bc4 19. Rg4 Re7 20. Ng3 Nxg3 21. hxg3 Bxf1 22. Rxf1 Rae8 23. e5 Rxe5 0-1

[Event "Budapest SixDays 05 GM-A"]
[Site "Budapest"]
[Date "2025.05.18"]
[Round "7"]
[White "Smirnov, Mark1"]
[Black "Plat, Vojtech"]
[Result "0-1"]
[WhiteElo "2348"]
[BlackElo "2482"]
[PlyCount "76"]
[EventDate "2025.05.14"]
[EventType "tourn"]
[EventRounds "9"]
[EventCountry "HUN"]
[EventCategory "6"]
[SourceTitle "CB21_2025"]
[SourceDate "2025.05.21"]
[SourceVersion "1"]
[SourceVersionDate "2025.05.21"]
[SourceQuality "1"]

1. e4 d6 2. d4 Nf6 3. Nc3 e5 4. Nf3 exd4 5. Nxd4 Be7 6. g3 d5 7. e5 Ng4 8. Bg2 Nxe5 9. Nxd5 Bg4 10. Qd2 Bh3 11. f4 Nc4 12. Qe2 Bxg2 13. Qxg2 0-0 14. Nxe7+ Qxe7+ 15. Qe2 Qc5 16. Nb3 Qc6 17. 0-0 Re8 18. Qf2 Nd7 19. Nd4 Qa6 20. b3 Nd6 21. Rd1 Nf6 22. Bb2 Rad8 23. c4 Nfe4 24. Qf1 Qb6 25. Kg2 Nf6 26. Re1 Qa5 27. Nf3 Ng4 28. Ne5 Qd2+ 29. Qe2 Nf5 30. Kf1 Nxh2+ 31. Kg1 Nf3+ 32. Qxf3 Qxb2 33. Rad1 g6 34. Qf2 Qc3 35. g4 Rxd1 36. Rxd1 Ne3 37. Rb1 f6 38. Re1 Nxg4 0-1

[Event "Budapest SixDays 05 GM-A"]
[Site "Budapest"]
[Date "2025.05.16"]
[Round "5"]
[White "Marin Ferragut, Pau"]
[Black "Plat, Vojtech"]
[Result "0-1"]
[WhiteElo "2389"]
[BlackElo "2482"]
[PlyCount "64"]
[EventDate "2025.05.14"]
[EventType "tourn"]
[EventRounds "9"]
[EventCountry "HUN"]
[EventCategory "6"]
[SourceTitle "CB21_2025"]
[SourceDate "2025.05.21"]
[SourceVersion "1"]
[SourceVersionDate "2025.05.21"]
[SourceQuality "1"]

1. Nf3 g6 2. d4 Nf6 3. c4 Bg7 4. g3 0-0 5. Bg2 d5 6. cxd5 Nxd5 7. 0-0 Nb6 8. Nc3 Nc6 9. e3 e5 10. d5 Na5 11. e4 c6 12. Bg5 f6 13. Be3 cxd5 14. Bxb6 Qxb6 15. Nxd5 Qd8 16. Rc1 Nc6 17. Qb3 Kh8 18. Rfd1 f5 19. exf5 e4 20. Nc3 Qe7 21. f6 Bxf6 22. Nd2 e3 23. Nde4 exf2+ 24. Kh1 Bg7 25. Rf1 Be6 26. Qa4 Bd4 27. Rcd1 Rad8 28. Rd2 Bb6 29. Rdd1 Ne5 30. Ne2 Bc4 31. Qc2 Bd3 32. Rxd3 Nxd3 0-1

[Event "Budapest SixDays 05 GM-A"]
[Site "Budapest"]
[Date "2025.05.16"]
[Round "4"]
[White "Plat, Vojtech"]
[Black "Gombocz, Ferenc Jr"]
[Result "1-0"]
[WhiteElo "2482"]
[BlackElo "2314"]
[PlyCount "83"]
[EventDate "2025.05.14"]
[EventType "tourn"]
[EventRounds "9"]
[EventCountry "HUN"]
[EventCategory "6"]
[SourceTitle "CB21_2025"]
[SourceDate "2025.05.21"]
[SourceVersion "1"]
[SourceVersionDate "2025.05.21"]
[SourceQuality "1"]

1. c4 c5 2. Nf3 Nc6 3. g3 g6 4. Bg2 Bg7 5. 0-0 e5 6. Nc3 Nge7 7. a3 0-0 8. d3 d6 9. Rb1 a5 10. Ne1 Be6 11. Nc2 d5 12. cxd5 Nxd5 13. Ne4 b6 14. Ng5 Bc8 15. Ne3 Nde7 16. b4 axb4 17. axb4 h6 18. b5 hxg5 19. bxc6 Be6 20. Nc4 Rb8 21. Bxg5 f6 22. Bd2 Qc7 23. Qa4 Nd5 24. Qb5 Rfc8 25. Bxd5 Bxd5 26. Nxb6 Be6 27. Qxc5 Qxc6 28. Qxc6 Rxc6 29. Na4 Ra8 30. Nc3 f5 31. Rfc1 Rac8 32. Na4 Rc2 33. Be3 f4 34. gxf4 exf4 35. Bxf4 Kh7 36. Nb6 R8c6 37. Rxc2 Rxc2 38. e3 Bf6 39. Nc4 Rc3 40. Be5 Rxc4 41. Rb7+ Kg8 42. dxc4 1-0

[Event "Budapest SixDays 05 GM-A"]
[Site "Budapest"]
[Date "2025.05.14"]
[Round "1"]
[White "Heinrich, John"]
[Black "Plat, Vojtech"]
[Result "1/2-1/2"]
[WhiteElo "2330"]
[BlackElo "2482"]
[PlyCount "48"]
[EventDate "2025.05.14"]
[EventType "tourn"]
[EventRounds "9"]
[EventCountry "HUN"]
[EventCategory "6"]
[SourceTitle "CB21_2025"]
[SourceDate "2025.05.21"]
[SourceVersion "1"]
[SourceVersionDate "2025.05.21"]
[SourceQuality "1"]

1. Nf3 g6 2. d4 Bg7 3. g3 c5 4. c3 cxd4 5. cxd4 Nf6 6. Bg2 0-0 7. Nc3 Nc6 8. 0-0 d6 9. d5 Nb4 10. Nd4 Nd7 11. Rb1 Ne5 12. b3 Bg4 13. h3 Qc8 14. hxg4 Qxc3 15. Bb2 Qc8 16. Qd2 a5 17. a3 Na6 18. g5 Nc5 19. Rfc1 Qg4 20. Qf4 Qd7 21. Qh4 Qg4 22. Qxg4 Nxg4 23. Bh3 h5 24. gxh6 Nxh6 1/2-1/2